000 00734nam a2200217 i 4500
001 98172
003 ES-MaACL
005 20250824213658.0
007 t|
008 050726s1980 sp ||||1| spa d
100 1 _aMarrou, Henri Irénée.
_977091
245 1 1 _a¿Decadencia romana o antigüedad tardía?
_b: siglos III-VI /
_cHenri Iréné Marrou ; [versión Pilar García Martín].
260 _aMadrid :
_bRialp,
_c1980.
300 _a193 p. ;
_c20 cm.
490 1 _aLibros de historia ;
_v3
651 4 _aRoma-
_xHistoria-
_y30 a.C.-476 d.C., Imperio.
_99319
700 1 _aGarcía Martín, Pilar.
_954903
830 1 0 _aLibros de historia Rialp
_v3
_9227690
852 _aES-MaACL
_jC-33495
999 _c98172
_d98172